000 01113nam a2200241Ia 4500
008 0000001998 uy a 0000000000spa00
090 _aPSP00 P27e1
100 1 _aPerazzo, Nelly
245 1 0 _aEsteban Lisa
_b: retrospectiva = a retrospective
_c/ Nelly Perazzo, Edward J. Sullivan ; fotografías Caldarella & Banchero, José Cristelli
300 _a36 p.
_c/ 21 cm.
500 _aExposición realizada en Museo Torres García, Montevideo, Agosto 6 Septiembre 5, 1998 \ Con el patronazgo del maestro venezolano Jesús Rafael Soto (q.e.p.d.) \ Registro auspiciado por el IDCT. Bogotá
505 _aUn artista recuperado / Nelly Perazzo Esteban Lisa : una mirada desde afuera / Edward J. Sullivan
600 0 0 _aLISA, ESTEBAN, 18951983/
_xTRABAJOS PICTORICOS
650 1 4 _aARTE CONTEMPORANEO ESPAÑOL
650 1 4 _xCATALOGOS
650 1 4 _xEXPOSICIONES
650 1 4 _aPINTORES ESPAÑOLES
650 1 4 _aPINTURA ABSTRACTA ESPAÑOLA
650 1 4 _aPINTURA ESPAÑOLA
700 1 _aCristelli, José
710 _aCaldarella & Banchero
999 _c3283
_d3283
260 _aMontevideo : Museo Torres García
_c1998